[Event "Sparkassen-Open A"]
[Site "Heusenstamm, Martinsee"]
[Date "2018.11.24"]
[Round "4.8"]
[White "Schulze, Lara"]
[Black "Andreev, Eduard"]
[Result "1/2-1/2"]
[WhiteElo "2167"]
[BlackElo "2425"]
[PlyCount "134"]
[EventDate "2018.??.??"]
[WhiteTeam "SK Lehrte"]
[BlackTeam "SC Siegburg"]

1. e4 c5 2. Nf3 d6 3. d4 cxd4 4. Nxd4 Nf6 5. Nc3 a6 6. Bc4 e6 7. Bb3 Nc6 8. Be3
Qc7 9. O-O Na5 10. Qf3 b5 11. a3 Bb7 12. Rad1 Nc4 13. Bxc4 Qxc4 14. Qg3 h5 15.
Bg5 Qc5 16. Rfe1 Ng4 17. Bc1 g6 18. h3 Ne5 19. f4 h4 20. Qf2 Nc4 21. f5 gxf5
22. exf5 e5 23. Ne4 Bxe4 24. Rxe4 d5 25. Re2 O-O-O 26. Nf3 Qxf2+ 27. Kxf2 f6
28. b3 Nd6 29. Rxd5 Nxf5 30. Rxd8+ Kxd8 31. b4 Kd7 32. c4 bxc4 33. Rc2 e4 34.
Ng1 Bd6 35. Rxc4 Bg3+ 36. Kf1 Nd6 37. Rc5 Be5 38. Ne2 Rh5 39. Ra5 Rf5+ 40. Ke1
Bg3+ 41. Nxg3 Rxa5 42. bxa5 hxg3 43. h4 Ke6 44. Bf4 Nc4 45. Bxg3 Nxa5 46. Ke2
Nc4 47. a4 Kf5 48. Be1 Kg4 49. a5 f5 50. g3 Ne5 51. Bb4 Nc6 52. Be1 Nd4+ 53.
Kf2 Ne6 54. Ke3 Ng7 55. Ke2 Nh5 56. Bf2 Kh3 57. Be1 Kg4 58. Bf2 Nf6 59. Be1 Nd5
60. Bf2 Nb4 61. Be1 Nd3 62. Bf2 Nc1+ 63. Ke3 Nd3 64. Ke2 Ne5 65. Be1 Nd7 66.
Bf2 Nf6 67. Be1 Nh5 1/2-1/2

[Event "Sparkassen-Open A"]
[Site "Heusenstamm, Martinsee"]
[Date "2018.11.24"]
[Round "4.9"]
[White "Neukirchner, Pascal"]
[Black "Sadzikowski, Daniel"]
[Result "1/2-1/2"]
[WhiteElo "2305"]
[BlackElo "2544"]
[PlyCount "187"]
[EventDate "2018.??.??"]
[WhiteTeam "SK GrÃ¼ndau"]
[BlackTeam "SC Heusenstamm"]

1. d4 Nf6 2. c4 g6 3. f3 c5 4. d5 d6 5. e4 Bg7 6. Nc3 e6 7. Bg5 h6 8. Be3 exd5
9. cxd5 a6 10. a4 O-O 11. Qd2 Nh7 12. Nge2 Nd7 13. Nf4 Ne5 14. Be2 Nf6 15. O-O
g5 16. Nh3 Bxh3 17. gxh3 Nh5 18. h4 Ng6 19. hxg5 Bd4 20. Bxd4 cxd4 21. Qxd4
hxg5 22. Kh1 Nhf4 23. Rg1 Rc8 24. Bf1 f6 25. Ne2 Kf7 26. Qd2 Nxe2 27. Bxe2 Nf4
28. Rgc1 Qd7 29. Bf1 Rxc1 30. Rxc1 Qxa4 31. Qc2 Qxc2 32. Rxc2 Re8 33. Kg1 f5
34. Kf2 fxe4 35. Rc7+ Re7 36. Rxe7+ Kxe7 37. fxe4 Kf6 38. Kf3 Ng6 39. Kg4 Ne5+
40. Kg3 Nd7 41. b4 Ne5 42. Be2 Nd7 43. Bf1 Nb6 44. Kg4 Nc8 45. Kf3 Ne7 46. Kg3
Ng6 47. Be2 Ne5 48. Bf1 b5 49. Be2 Nc4 50. Kf3 Ne5+ 51. Kg3 Kg6 52. Kf2 Kg7 53.
Kg3 Kf6 54. Kf2 Ke7 55. Kg3 Kf7 56. Kg2 Ke8 57. Kg3 Ke7 58. Kg2 Kd8 59. Kg3 Kc7
60. h4 gxh4+ 61. Kxh4 Kd8 62. Kg5 Ke7 63. Kf5 Nc4 64. Kf4 Kf6 65. Bf1 Ne5 66.
Be2 Ng6+ 67. Ke3 Kg5 68. Bf1 Kg4 69. Be2+ Kh4 70. Bf1 Kg3 71. Be2 Ne5 72. Bf1
Ng4+ 73. Kd4 Ne5 74. Ke3 Kg4 75. Be2+ Kg5 76. Bf1 Kf6 77. Bh3 a5 78. bxa5 Nc4+
79. Kd4 Nxa5 80. Kc3 Nb7 81. Kb4 Ke5 82. Bf5 Nc5 83. Kxb5 Nxe4 84. Bxe4 Kxe4
85. Kc4 Ke5 86. Kc3 Kxd5 87. Kd3 Ke5 88. Ke3 d5 89. Kd3 d4 90. Kd2 Ke4 91. Ke2
d3+ 92. Kd2 Kd4 93. Kd1 d2 94. Kxd2 1/2-1/2

[Event "Sparkassen-Open A"]
[Site "Heusenstamm, Martinsee"]
[Date "2018.11.24"]
[Round "4.10"]
[White "Mooser, Stefan"]
[Black "Milov, Leonid"]
[Result "1/2-1/2"]
[WhiteElo "2269"]
[BlackElo "2481"]
[PlyCount "159"]
[EventDate "2018.??.??"]
[WhiteTeam "FC Ergolding"]
[BlackTeam "SC Noris-Tarrasch NÃ¼rnberg"]

1. e4 c5 2. Nf3 e6 3. d4 cxd4 4. Nxd4 Nc6 5. Nc3 Qc7 6. Be2 a6 7. O-O Nf6 8.
Be3 Be7 9. f4 d6 10. Kh1 O-O 11. Qe1 Bd7 12. Qg3 Kh8 13. a3 b5 14. Bf3 Rab8 15.
Rad1 b4 16. axb4 Nxb4 17. Rd2 Qc4 18. Be2 Qc7 19. Bf3 Bc8 20. Rfd1 Bb7 21. Qf2
Ba8 22. Nde2 Nd7 23. e5 d5 24. Nd4 Nc5 25. Qe2 f6 26. exf6 Bxf6 27. Bf2 e5 28.
fxe5 Bxe5 29. Nc6 Bxc6 30. Bxc5 Rfe8 31. Bxb4 Bxh2 32. Qxa6 Rxb4 33. Nxd5 Bxd5
34. Rxd5 Bg3 35. Rh5 Qxc2 36. Rf1 Rxb2 37. Qc6 Qxc6 38. Bxc6 Rf2 39. Rd1 Rd2
40. Rf1 Red8 41. Rd5 g6 42. Rxd8+ Rxd8 43. Bf3 h5 44. Rd1 Re8 45. Kg1 Kg7 46.
Bc6 Re5 47. Bf3 Kh6 48. Kh1 g5 49. Bc6 g4 50. Rf1 Kg5 51. Bd7 Kh4 52. Bc8 Re3
53. Ba6 Be1 54. Kh2 Re5 55. Bc4 Bg3+ 56. Kg1 Rc5 57. Ba6 Re5 58. Bc4 Re4 59.
Bd3 Re6 60. Bc4 Rc6 61. Bb5 Rc5 62. Bd3 Be5 63. Ba6 Kg3 64. Rd1 Bc7 65. Rd3+
Kf4 66. Rd4+ Kg3 67. Rc4 Ra5 68. Rc3+ Kh4 69. Rxc7 Rxa6 70. Rc1 Ra3 71. Rb1 Kg3
72. Rc1 Re3 73. Ra1 h4 74. Rb1 h3 75. gxh3 Kxh3 76. Ra1 Rg3+ 77. Kh1 Rg2 78.
Ra3+ Rg3 79. Ra1 Rg2 80. Ra3+ 1/2-1/2

[Event "Sparkassen-Open A"]
[Site "Heusenstamm, Martinsee"]
[Date "2018.11.24"]
[Round "4.12"]
[White "Gritsak, Orest"]
[Black "Jansen, Dirk Norbert"]
[Result "1-0"]
[WhiteElo "2457"]
[BlackElo "2209"]
[PlyCount "63"]
[EventDate "2018.??.??"]
[WhiteTeam "vereinslos"]
[BlackTeam "SV Weidenau/Geisweid"]

1. Nf3 f5 2. d4 Nf6 3. Bg5 e6 4. Nbd2 Be7 5. e3 O-O 6. Bd3 b6 7. Bxf6 Bxf6 8.
e4 d5 9. exf5 exf5 10. O-O c5 11. c3 c4 12. Bc2 Nc6 13. Ba4 Qd6 14. Re1 Bd7 15.
b3 cxb3 16. axb3 Nxd4 17. Nxd4 Bxd4 18. cxd4 b5 19. Nf3 bxa4 20. bxa4 a5 21.
Ne5 Rab8 22. Nd3 f4 23. f3 Bf5 24. Re5 Bxd3 25. Qxd3 Rfe8 26. Rae1 Rxe5 27.
Rxe5 Qb4 28. h4 Qxa4 29. Qf5 Qxd4+ 30. Kh2 Rf8 31. Qe6+ Kh8 32. Qf7 1-0

[Event "Sparkassen-Open A"]
[Site "Heusenstamm, Martinsee"]
[Date "2018.11.24"]
[Round "4.13"]
[White "Farmani Anosheh, Yasha"]
[Black "Geske, Julian"]
[Result "1/2-1/2"]
[WhiteElo "2127"]
[BlackElo "2382"]
[PlyCount "60"]
[EventDate "2018.??.??"]
[WhiteTeam "SK Ladenburg"]
[BlackTeam "Wiesbadener SV"]

1. e4 e5 2. Nf3 Nc6 3. Nc3 Nf6 4. d4 exd4 5. Nxd4 Bb4 6. Nxc6 bxc6 7. Bd3 d5 8.
exd5 cxd5 9. O-O O-O 10. h3 c6 11. Qf3 Bd6 12. Bf4 Rb8 13. b3 Be6 14. Rfe1 Qc7
15. Bxd6 Qxd6 16. Qg3 Qxg3 17. fxg3 c5 18. g4 h6 19. Rad1 Rfd8 20. Bf5 Rd6 21.
Ne4 Nxe4 22. Bxe4 Rbd8 23. Bd3 Kf8 24. Kf2 Bc8 25. c3 Rf6+ 26. Kg3 Re6 27. Bf5
Rxe1 28. Rxe1 Be6 29. Bxe6 Re8 30. Re5 fxe6 1/2-1/2

[Event "Sparkassen-Open A"]
[Site "Heusenstamm, Martinsee"]
[Date "2018.11.24"]
[Round "4.14"]
[White "Baskin, Robert"]
[Black "Browning, Alex"]
[Result "1-0"]
[WhiteElo "2354"]
[BlackElo "2102"]
[PlyCount "89"]
[EventDate "2018.??.??"]
[WhiteTeam "SV Griesheim"]
[BlackTeam "SVG Plettenberg"]

1. e4 c5 2. Nf3 d6 3. d4 cxd4 4. Nxd4 Nf6 5. Nc3 a6 6. Be3 e5 7. Nb3 Be7 8. f3
O-O 9. Qd2 Be6 10. O-O-O a5 11. a4 Na6 12. g4 Nb4 13. Kb1 d5 14. g5 Nxe4 15.
fxe4 d4 16. Qg2 Qb8 17. Nxd4 exd4 18. Bxd4 Rc8 19. Bb5 Qf4 20. h4 Bc5 21. Qd2
Qc7 22. Bxc5 Qxc5 23. Rhf1 Bg4 24. Be2 Be6 25. Qd6 Ba2+ 26. Ka1 Qa7 27. Nxa2
Nxc2+ 28. Kb1 Ne3 29. Nc3 Nxf1 30. Bxf1 Qf2 31. h5 Qh4 32. g6 Qxh5 33. gxf7+
Qxf7 34. Nd5 Kh8 35. Bb5 Rd8 36. Qe5 Qg6 37. Rh1 Rf8 38. Ne7 Qb6 39. Qh5 h6 40.
Ng6+ Kh7 41. Nxf8+ Rxf8 42. Rd1 Rf2 43. e5 g6 44. Rd7+ Kg8 45. Qxh6 1-0

[Event "Sparkassen-Open A"]
[Site "Heusenstamm, Martinsee"]
[Date "2018.11.24"]
[Round "4.15"]
[White "Muckle, Julius"]
[Black "Hahn, Florian"]
[Result "1-0"]
[WhiteElo "2344"]
[BlackElo "2148"]
[PlyCount "77"]
[EventDate "2018.??.??"]
[WhiteTeam "SK Ludwigshafen"]
[BlackTeam "SC Herborn"]

1. d4 Nf6 2. c4 g6 3. Nc3 d5 4. Bg5 Bg7 5. Bxf6 Bxf6 6. cxd5 c5 7. dxc5 Nd7 8.
c6 Nc5 9. Rc1 Qa5 10. Qd2 O-O 11. Ne4 Qxd2+ 12. Nxd2 Na4 13. e4 bxc6 14. Rxc6
Bxb2 15. Ngf3 f5 16. Bc4 Nb6 17. Bb3 Ba6 18. exf5 gxf5 19. Kd1 Bf6 20. d6+ Kh8
21. dxe7 Bxe7 22. Bc4 Bc8 23. Re1 Bf6 24. Be6 Na4 25. Bxc8 Raxc8 26. Ree6 Nc3+
27. Ke1 Rxc6 28. Rxc6 a5 29. a3 Kg7 30. Rc5 a4 31. Rxf5 Re8+ 32. Kf1 Rb8 33. g4
Be7 34. Nc4 Rb1+ 35. Kg2 Ra1 36. Nd4 Bxa3 37. Ne6+ Kh6 38. Ne5 Ne4 39. Rh5# 1-0

[Event "Sparkassen-Open A"]
[Site "Heusenstamm, Martinsee"]
[Date "2018.11.24"]
[Round "4.16"]
[White "Leck, Gerrit"]
[Black "Krastev, Alexander"]
[Result "0-1"]
[WhiteElo "1993"]
[BlackElo "2342"]
[PlyCount "140"]
[EventDate "2018.??.??"]
[WhiteTeam "SV Lahn Limburg"]
[BlackTeam "Biebertaler SF"]

1. e4 c5 2. Nf3 g6 3. d4 cxd4 4. Nxd4 Bg7 5. c4 Nc6 6. Be3 Nf6 7. Nc3 d6 8. Be2
Nd7 9. O-O Nc5 10. Rc1 O-O 11. Qd2 Bd7 12. f3 a5 13. Ndb5 Nb4 14. Rfd1 b6 15.
Bd4 Bxd4+ 16. Qxd4 Rc8 17. Qe3 Nc6 18. h4 Be6 19. f4 f6 20. h5 Rf7 21. hxg6
hxg6 22. Kf2 Qf8 23. g4 Rh7 24. Rh1 Qg7 25. Nd5 Kf7 26. Nxb6 Rch8 27. Rxh7 Qxh7
28. Rg1 Qh4+ 29. Kf1 Kg7 30. Nd5 Qh2 31. Nbc3 Rh3 32. Qf2 Bxd5 33. exd5 Nb4 34.
Qxh2 Rxh2 35. Rg3 Rh1+ 36. Kg2 Rc1 37. Re3 Kf7 38. Kg3 Rc2 39. a3 Nba6 40. Nd1
a4 41. Kf2 Nb3 42. Rc3 Rd2 43. Ke1 Nac5 44. Re3 f5 45. gxf5 gxf5 46. Bh5+ Kf8
47. Be2 Rd4 48. Rf3 Nd2 49. Rc3 Ndb3 50. Rf3 Nc1 51. Nf2 Nxe2 52. Kxe2 Rxc4 53.
Nd1 Rc2+ 54. Ke3 Ne4 55. Nf2 Nf6 56. Nd3 Nxd5+ 57. Kd4 e6 58. Rh3 Kg7 59. Rg3+
Kf7 60. Rh3 Re2 61. Kc4 Re4+ 62. Kb5 Nxf4 63. Nxf4 Rxf4 64. b4 axb3 65. Rxb3
Rf1 66. a4 Ra1 67. Rb4 e5 68. a5 f4 69. Re4 Ke6 70. a6 f3 0-1

[Event "Sparkassen-Open A"]
[Site "Heusenstamm, Martinsee"]
[Date "2018.11.24"]
[Round "4.17"]
[White "Klundt, Klaus"]
[Black "Engel, Berthold"]
[Result "1-0"]
[WhiteElo "2313"]
[BlackElo "2129"]
[PlyCount "75"]
[EventDate "2018.??.??"]
[WhiteTeam "SC Heusenstamm"]
[BlackTeam "BG Buchen"]

1. e4 e6 2. d3 d5 3. Nd2 Nf6 4. Ngf3 Be7 5. Be2 dxe4 6. dxe4 b6 7. O-O Bb7 8.
Bb5+ Bc6 9. Bd3 Qc8 10. Qe2 Nbd7 11. Nb3 Nc5 12. Nxc5 Bxc5 13. Bg5 Nd7 14. Rad1
e5 15. Nh4 h6 16. Bc1 g6 17. Nf3 Kf8 18. Bb5 Bxb5 19. Qxb5 Bd6 20. Rfe1 Kg7 21.
b3 Re8 22. Bb2 a6 23. Qc6 Nf6 24. Rd3 Qd7 25. Qc3 Qe6 26. Qd2 a5 27. a4 Nh5 28.
Rd1 Nf6 29. Qe2 Re7 30. h3 Rae8 31. Nh2 Kh7 32. Ng4 Ng8 33. Ne3 f6 34. Nd5 Rf7
35. Nxb6 f5 36. Nc4 Bc5 37. Rd5 fxe4 38. Rxc5 1-0

[Event "Sparkassen-Open A"]
[Site "Heusenstamm, Martinsee"]
[Date "2018.11.24"]
[Round "4.18"]
[White "Gutman, Lev"]
[Black "Scheitz, Michael"]
[Result "1-0"]
[WhiteElo "2434"]
[BlackElo "2090"]
[PlyCount "79"]
[EventDate "2018.??.??"]
[WhiteTeam "SV Lingen"]
[BlackTeam "Wiesbadener SV"]

1. Nf3 d5 2. g3 g6 3. Bg2 Bg7 4. d4 c6 5. O-O Nf6 6. c4 O-O 7. Qb3 Qb6 8. Nc3
Rd8 9. Bd2 dxc4 10. Qxc4 Be6 11. Qa4 Na6 12. Qa3 Qb4 13. Qxb4 Nxb4 14. Rfc1 Bg4
15. a3 Na6 16. e3 Nc5 17. dxc5 Bxf3 18. Be1 Bxg2 19. Kxg2 Nd5 20. Nd1 f5 21.
Rc4 Rd7 22. Kf1 Rad8 23. Ke2 Nf6 24. Ba5 Rb8 25. f3 e5 26. Nf2 Kf7 27. Rd1 Ke6
28. Rxd7 Kxd7 29. e4 Re8 30. Bc3 Ke6 31. g4 fxg4 32. fxg4 Re7 33. h3 Bh6 34.
Nd3 Nd7 35. Ra4 Nf6 36. Bxe5 a6 37. Rd4 Nd7 38. Bd6 Rf7 39. e5 Bg7 40. Nf4+ 1-0

[Event "Sparkassen-Open A"]
[Site "Heusenstamm, Martinsee"]
[Date "2018.11.24"]
[Round "4.19"]
[White "Hacker, Jonas"]
[Black "SchlÃ¶ÃŸner, Henrik"]
[Result "1-0"]
[WhiteElo "2350"]
[BlackElo "2088"]
[PlyCount "57"]
[EventDate "2018.??.??"]
[WhiteTeam "SC Eppingen"]
[BlackTeam "SK GrÃ¼ndau"]

1. e4 c5 2. Nf3 d6 3. d4 cxd4 4. Nxd4 Nf6 5. f3 g6 6. c4 Bg7 7. Be3 O-O 8. Nc3
Nc6 9. Qd2 a6 10. Be2 Nxd4 11. Bxd4 e5 12. Be3 Qc7 13. Rd1 Rd8 14. Na4 Be6 15.
Bb6 Qc6 16. Bxd8 Rxd8 17. Qa5 Rf8 18. b3 Bh6 19. Qb6 Qc8 20. O-O Nh5 21. Rfe1
f5 22. Rxd6 Bf7 23. Bf1 fxe4 24. Rxe4 Qf5 25. Nc5 Be8 26. Nd3 Bg7 27. Qxb7 Qg5
28. Qd5+ Bf7 29. Qc5 1-0

[Event "Sparkassen-Open A"]
[Site "Heusenstamm, Martinsee"]
[Date "2018.11.24"]
[Round "4.20"]
[White "Paszewski, Mateusz"]
[Black "Hinrichs, Hans-Uwe"]
[Result "1-0"]
[WhiteElo "2355"]
[BlackElo "2075"]
[PlyCount "55"]
[EventDate "2018.??.??"]
[WhiteTeam "vereinslos"]
[BlackTeam "SK Bingen"]

1. e4 c6 2. d4 g6 3. Nf3 d5 4. Nbd2 Bg4 5. c3 Bxf3 6. Qxf3 dxe4 7. Nxe4 Bg7 8.
Bc4 Nf6 9. Nxf6+ Bxf6 10. Bh6 e6 11. O-O Nd7 12. Rfe1 Qc7 13. Qg4 O-O-O 14. b4
Rhe8 15. a4 Nb6 16. Bb3 Nd5 17. Rac1 Nxc3 18. Rxc3 Rxd4 19. Qe2 Rxb4 20. Rd3
Rd8 21. Be3 Rxd3 22. Qxd3 Qd7 23. Qc2 Bd4 24. Rd1 e5 25. Bd2 Rb6 26. Ba5 Ra6
27. Bc3 Qc7 28. Bc4 1-0

[Event "Sparkassen-Open A"]
[Site "Heusenstamm, Martinsee"]
[Date "2018.11.24"]
[Round "4.21"]
[White "StÃ¼mer, Paul"]
[Black "Alber, Horst"]
[Result "0-1"]
[WhiteElo "2074"]
[BlackElo "2287"]
[PlyCount "68"]
[EventDate "2018.??.??"]
[WhiteTeam "SV Bergneustadt/Derschlag"]
[BlackTeam "SK Marburg"]

1. Nf3 Nf6 2. c4 g6 3. e3 Bg7 4. d4 O-O 5. Nc3 c5 6. Be2 d6 7. O-O Nc6 8. d5
Nb8 9. Qc2 a6 10. a3 b5 11. cxb5 axb5 12. Bxb5 Ba6 13. Bxa6 Nxa6 14. Nd2 Nb4
15. Qb3 Qa5 16. Nc4 Qa6 17. axb4 Qxa1 18. b5 Qa7 19. Bd2 Rfb8 20. Qc2 Nd7 21.
Na3 Nb6 22. Qd3 Qb7 23. Rd1 Na4 24. Nxa4 Rxa4 25. Bc3 Bxc3 26. Qxc3 Qb6 27. h3
Rba8 28. Rb1 Qa5 29. Qd3 Rb8 30. Kf1 Rb4 31. Ke2 Qa4 32. Kd2 Rb3 33. Qc2 Qb4+
34. Kd1 Ra8 0-1

[Event "Sparkassen-Open A"]
[Site "Heusenstamm, Martinsee"]
[Date "2018.11.24"]
[Round "4.22"]
[White "Lesny, Florian"]
[Black "Hahn, Markus"]
[Result "1/2-1/2"]
[WhiteElo "2067"]
[BlackElo "2271"]
[PlyCount "90"]
[EventDate "2018.??.??"]
[WhiteTeam "SK Niederbrechen"]
[BlackTeam "SVG Caissa Kassel"]

1. e4 c5 2. Nf3 Nc6 3. d4 cxd4 4. Nxd4 Nf6 5. Nc3 d6 6. Bg5 e6 7. Qd2 a6 8.
O-O-O Bd7 9. f4 b5 10. Qe1 h6 11. Bh4 g5 12. Nxc6 Bxc6 13. fxg5 hxg5 14. Bxg5
Be7 15. e5 Nd5 16. Bxe7 Qxe7 17. Nxd5 Bxd5 18. exd6 Qxd6 19. Kb1 O-O-O 20. Be2
Rxh2 21. Rxh2 Qxh2 22. Bf3 Bxf3 23. Rxd8+ Kxd8 24. gxf3 Kd7 25. a3 Qf4 26. Qe2
f5 27. b3 Qd4 28. a4 bxa4 29. Qxa6 Qd1+ 30. Kb2 Qxf3 31. Qxa4+ Kd6 32. Qd4+ Qd5
33. Qxd5+ Kxd5 34. Kc3 e5 35. Kd3 e4+ 36. Ke3 Ke5 37. b4 f4+ 38. Ke2 Kd4 39. b5
f3+ 40. Kf2 Kc5 41. c4 Kb6 42. Ke3 Kc5 43. Kf2 Kb6 44. Ke3 Kc5 45. Kf2 Kb6
1/2-1/2

[Event "Sparkassen-Open A"]
[Site "Heusenstamm, Martinsee"]
[Date "2018.11.24"]
[Round "4.23"]
[White "Bomans, Arno"]
[Black "Vlassis, Georgios"]
[Result "1-0"]
[WhiteElo "2262"]
[BlackElo "2053"]
[PlyCount "109"]
[EventDate "2018.??.??"]
[WhiteTeam "Gambiet Opwijk"]
[BlackTeam "CCS of Thessaloniki"]

1. d4 e6 2. c4 Nf6 3. Nc3 Bb4 4. e3 O-O 5. Nge2 d5 6. a3 Be7 7. Nf4 c6 8. Be2
Nbd7 9. O-O dxc4 10. Bxc4 Nb6 11. Ba2 Nbd5 12. Nd3 Qc7 13. Qf3 Nxc3 14. bxc3 b6
15. e4 Bb7 16. c4 Rfd8 17. Bb2 Nd7 18. Rfe1 Bf6 19. e5 Be7 20. Rac1 Bg5 21.
Rcd1 Nf8 22. Qg4 Bh6 23. Nf4 Bxf4 24. Qxf4 Rd7 25. c5 Rad8 26. Rc1 Ng6 27. Qe4
bxc5 28. Rxc5 Qb6 29. Bc3 Ne7 30. g4 Nd5 31. Ba5 Qb2 32. Rc2 Qxa3 33. Bxd8 Nb4
34. Re3 Qa4 35. Bb3 Qa1+ 36. Re1 Qa3 37. Rc3 c5 38. Qb1 Rxd8 39. dxc5 Rd4 40.
Rg3 Qa6 41. Bd1 g6 42. Be2 Qa5 43. Rc1 Rd2 44. Bf1 Na2 45. Rc2 Bc6 46. Rxd2
Qxd2 47. Rd3 Qa5 48. Qb8+ Kg7 49. Qd8 Qxd8 50. Rxd8 a5 51. Bg2 Nb4 52. Rc8 Bd7
53. Rc7 Bb5 54. Ra7 a4 55. Rb7 1-0

[Event "Sparkassen-Open A"]
[Site "Heusenstamm, Martinsee"]
[Date "2018.11.24"]
[Round "4.24"]
[White "Azimi, Reza"]
[Black "Heimrath, Reiner"]
[Result "0-1"]
[WhiteElo "2028"]
[BlackElo "2262"]
[PlyCount "102"]
[EventDate "2018.??.??"]
[WhiteTeam "MÃ¼nchener SC"]
[BlackTeam "SC Noris-Tarrasch NÃ¼rnberg"]

1. d4 Nf6 2. Nf3 g6 3. c4 Bg7 4. Nc3 O-O 5. e4 d6 6. Be2 Na6 7. O-O c5 8. d5
Bd7 9. h3 Nc7 10. Re1 a6 11. a4 Rb8 12. a5 b5 13. axb6 Rxb6 14. Bd3 e5 15. dxe6
Nxe6 16. Qc2 Qb8 17. Ra2 Qb7 18. Na4 Rb4 19. Bd2 Bxa4 20. Rxa4 Rxb2 21. Qd1 Nd7
22. Bc1 Rb4 23. Bd2 Rb6 24. Ra2 Ne5 25. Nxe5 Bxe5 26. Qa4 Bd4 27. Be2 Rb1 28.
Qxa6 Qxe4 29. Bd1 Qf5 30. Be3 Bxe3 31. fxe3 Qd3 32. Qa4 Rfb8 33. Rf2 Ng5 34.
Rff1 Qc3 35. Qd7 Qe5 36. h4 R1b7 37. Qg4 Ne4 38. Bf3 Re7 39. Bxe4 Qxe4 40. Rf4
Qe6 41. Qf3 Rb3 42. Rf6 Qe5 43. Kf2 Kg7 44. Rf4 h5 45. Re2 Rd3 46. Qh3 Qxf4+
47. exf4 Rxe2+ 48. Kxe2 Rxh3 49. gxh3 Kf6 50. Kd3 Ke6 51. Ke4 f5+ 0-1

[Event "Sparkassen-Open A"]
[Site "Heusenstamm, Martinsee"]
[Date "2018.11.24"]
[Round "4.25"]
[White "KÃ¶llner, Aaron Noah"]
[Black "Kersten, Uwe"]
[Result "0-1"]
[WhiteElo "2019"]
[BlackElo "2233"]
[PlyCount "138"]
[EventDate "2018.??.??"]
[WhiteTeam "SG Bochum"]
[BlackTeam "Bad Emstal"]

1. d4 d5 2. Bf4 c5 3. c3 Nc6 4. e3 Nf6 5. Nd2 Bf5 6. Ngf3 e6 7. Nh4 Bg4 8. Qb3
Qc8 9. h3 Bh5 10. g4 Bg6 11. Nxg6 hxg6 12. Bg2 Be7 13. O-O O-O 14. dxc5 Bxc5
15. e4 Rd8 16. Rad1 Bb6 17. Bg5 Qc7 18. exd5 exd5 19. Qa4 Re8 20. Rde1 Rad8 21.
Qf4 Ne5 22. Qg3 Qb8 23. Nf3 Bc7 24. Nxe5 Rxe5 25. Rxe5 Bxe5 26. Qd3 d4 27. c4
Bf4 28. Bxf4 Qxf4 29. Rd1 b6 30. b3 a5 31. Qf3 Qe5 32. Qd3 Rd6 33. Qg3 Qe7 34.
Kf1 g5 35. Qd3 g6 36. Re1 Qd8 37. Re5 Kg7 38. Rxg5 Qe7 39. Bd5 Nxd5 40. Rxd5
Rxd5 41. cxd5 Qe5 42. Qf3 g5 43. Qf5 Qe7 44. f4 gxf4 45. Qxf4 Qc5 46. d6 Kf8
47. h4 Qd5 48. h5 d3 49. Qf6 Kg8 50. h6 Qh1+ 51. Kf2 Qh2+ 52. Ke3 Qe2+ 53. Kf4
Qf2+ 54. Kg5 Qxf6+ 55. Kxf6 d2 56. d7 d1=Q 57. Ke7 Qe2+ 58. Kd6 Qd3+ 59. Kc7
Qg3+ 60. Kb7 Qd6 61. Kc8 Qc6+ 62. Kd8 Qxh6 63. Kc7 Qh2+ 64. Kc8 Qc2+ 65. Kb7
Qd3 66. Kc7 Qg3+ 67. Kb7 Qd6 68. Kc8 Qc6+ 69. Kd8 Kf8 0-1

[Event "Sparkassen-Open A"]
[Site "Heusenstamm, Martinsee"]
[Date "2018.11.24"]
[Round "4.26"]
[White "de Visser, Leon"]
[Black "Von Auer, Ulrich"]
[Result "1/2-1/2"]
[WhiteElo "2230"]
[BlackElo "2042"]
[PlyCount "31"]
[EventDate "2018.??.??"]
[WhiteTeam "SV Griesheim"]
[BlackTeam "SF Frankfurt"]

1. c4 Nf6 2. g3 g6 3. Bg2 d5 4. cxd5 Nxd5 5. Nc3 Nb6 6. d3 Bg7 7. Be3 O-O 8. h4
h5 9. Qd2 Re8 10. g4 Bxg4 11. Bxb7 N8d7 12. f3 Bf5 13. Bxa8 Qxa8 14. Nh3 Ne5
15. Nf4 Rd8 16. Qc1 1/2-1/2

[Event "Sparkassen-Open A"]
[Site "Heusenstamm, Martinsee"]
[Date "2018.11.24"]
[Round "4.27"]
[White "Paeslack, Luis"]
[Black "Wolf, Ulrich Martin"]
[Result "1/2-1/2"]
[WhiteElo "2044"]
[BlackElo "2221"]
[PlyCount "66"]
[EventDate "2018.??.??"]
[WhiteTeam "TV-GroÃŸostheim"]
[BlackTeam "SC Hansa Dortmund"]

1. d4 f5 2. Bg5 g6 3. c4 Bg7 4. e3 d6 5. Nc3 Nc6 6. Nge2 h6 7. Bh4 g5 8. Bg3 e5
9. dxe5 dxe5 10. Qxd8+ Nxd8 11. f4 Nf6 12. fxe5 Ng4 13. Nd5 Kf7 14. Nxc7 Rb8
15. e6+ Nxe6 16. Nxe6 Bxe6 17. Bxb8 Rxb8 18. Nc3 Nxe3 19. Rc1 Rd8 20. Nd5 Nxd5
21. cxd5 Bxd5 22. Bc4 Bxb2 23. Bxd5+ Rxd5 24. Rc7+ Kg6 25. Rxb7 Bc3+ 26. Ke2
Rd2+ 27. Ke3 Rxa2 28. g3 a5 29. h4 Be5 30. Rb6+ Kg7 31. Rb7+ Kg6 32. Rb6+ Kg7
33. Rb7+ Kg6 1/2-1/2

[Event "Sparkassen-Open A"]
[Site "Heusenstamm, Martinsee"]
[Date "2018.11.24"]
[Round "4.28"]
[White "Huschens, Matthias"]
[Black "Siddharth, Jagadeesh"]
[Result "0-1"]
[WhiteElo "1989"]
[BlackElo "2215"]
[PlyCount "82"]
[EventDate "2018.??.??"]
[WhiteTeam "SG Kaiserslautern"]
[BlackTeam "Singapore"]
[BlackTeamCountry "SIN"]

1. d4 Nf6 2. Bf4 e6 3. e3 c5 4. c3 d5 5. Nf3 Nc6 6. Nbd2 Bd6 7. Bg3 O-O 8. Bd3
b6 9. e4 dxe4 10. Nxe4 Nxe4 11. Bxe4 Bb7 12. dxc5 Bxc5 13. Qa4 Qc8 14. Bxh7+
Kxh7 15. Qh4+ Kg8 16. Ng5 Re8 17. Qh7+ Kf8 18. Qh8+ Ke7 19. Qxg7 Nd8 20. O-O-O
Bd5 21. Rhe1 Kd7 22. Nh7 Be7 23. Qe5 Kc6 24. Nf6 Bxf6 25. Qxf6 Bxg2 26. f3 Kb7
27. Rd2 Bh3 28. Be5 Nc6 29. Red1 Nxe5 30. Qxe5 Qc6 31. Rd6 Qxf3 32. Rd7+ Ka6
33. a4 Bf1 34. a5 Rec8 35. Qg7 Rc5 36. axb6 axb6 37. Qg1 Ra5 38. Qd4 Ra1+ 39.
Kc2 Qxd1+ 40. Qxd1 Rxd1 41. Kxd1 f5 0-1

[Event "Sparkassen-Open A"]
[Site "Heusenstamm, Martinsee"]
[Date "2018.11.24"]
[Round "4.29"]
[White "Lisanti, Andre"]
[Black "Weiss, Matthias"]
[Result "1-0"]
[WhiteElo "2209"]
[BlackElo "2032"]
[PlyCount "89"]
[EventDate "2018.??.??"]
[WhiteTeam "TSV Schott Mainz"]
[BlackTeam "SF SchÃ¶neck"]

1. e4 c5 2. c3 d5 3. exd5 Qxd5 4. Nf3 Nf6 5. d4 e6 6. Be2 Nc6 7. O-O cxd4 8.
cxd4 Be7 9. Nc3 Qd8 10. h3 O-O 11. Be3 b6 12. a3 Bb7 13. Qa4 a6 14. Rac1 b5 15.
Qb3 Na5 16. Qa2 Rc8 17. Ne5 Nd5 18. Bd2 Nxc3 19. Bxc3 Bd5 20. Qb1 Nc4 21. Bd3
h6 22. Rfd1 Bg5 23. Rc2 Nxe5 24. dxe5 Qb6 25. Re2 Rfd8 26. Bh7+ Kh8 27. Rd4 Bc4
28. Ree4 Kxh7 29. Rd6 Qb7 30. Rxc4+ g6 31. Rxc8 Qxc8 32. Qd3 Be7 33. Qf3 Kg8
34. Rc6 Qb7 35. Ba5 Rc8 36. Rc3 Qd7 37. Rd3 Qc6 38. Rc3 Qd7 39. Rd3 Qc6 40. Qe2
Qc4 41. Bc3 Kg7 42. Qd1 Bc5 43. Qf3 Be7 44. Rd7 Rc7 45. Rxe7 1-0

[Event "Sparkassen-Open A"]
[Site "Heusenstamm, Martinsee"]
[Date "2018.11.24"]
[Round "4.30"]
[White "Henrich, Thomas"]
[Black "Trumpp, Lothar"]
[Result "1-0"]
[WhiteElo "2207"]
[BlackElo "2004"]
[PlyCount "71"]
[EventDate "2018.??.??"]
[WhiteTeam "SK Marburg"]
[BlackTeam "VSG Offenbach"]

1. d4 Nf6 2. c4 e6 3. Nc3 Bb4 4. Nf3 b6 5. Qb3 Qe7 6. Bf4 Bxc3+ 7. Qxc3 d6 8.
e3 Nh5 9. Bg5 f6 10. Bh4 g5 11. Bg3 Bb7 12. Be2 Nd7 13. O-O-O O-O-O 14. d5 e5
15. Nd2 Nxg3 16. hxg3 Rdf8 17. g4 Kb8 18. Bd3 Nc5 19. Bf5 Bc8 20. b4 Bxf5 21.
gxf5 Nb7 22. Rh6 a5 23. a3 axb4 24. axb4 Qg7 25. Rh5 Qf7 26. g4 b5 27. Kb2 Nd8
28. Ra1 bxc4 29. e4 c6 30. Nxc4 cxd5 31. Nb6 Kb7 32. Nc8 Kb8 33. Nb6 Kb7 34.
Nxd5 Nc6 35. b5 Nb8 36. Qa5 1-0